000
00301nam a2200121Ia 4500
008
190216s9999||||xx |||||||||||||| ||und||
100
_a
Szego G And Polya G
245
0
_a
Problems And Theorms In Analysis
260
_b
Narosa Pubs House
_c
1972
300
_a
389p
650
_a
Mathematics
942
_c
BK
999
_c
30955
_d
30955